Movies Quiz

Random Movies Quiz

'Mean Girls' Character Images Quiz Stats

Quiz Updated Nov 18, 2014

Challenge
Share
Tweet
Score 0/18 Timer 05:00
1 Play Today
% Correct
Regina George
89.6%
Gretchen Wieners
80.5%
Cady Heron
79.4%
Karen Smith
67.9%
Janis Ian
64%
Aaron Samuels
61.6%
Damien
58.8%
Mrs. George
58.3%
Betsy Heron
52.3%
% Correct
Chip Heron
52.2%
Kevin G
51.1%
Ms. Sharon Norbury
39.6%
Glen Coco
36.9%
Mr. Duvall
36.7%
Trang Pak
33.8%
Jason
31.2%
Shane Oman
27.9%
Caroline Krafft
16.4%

You're not logged in!

Compare scores with friends on all Sporcle quizzes.
Join for Free
OR
Log In

You Might Also Like...

Show Comments

Extras

Top Quizzes Today


Score Distribution

Your Account Isn't Verified!

In order to create a playlist on Sporcle, you need to verify the email address you used during registration. Go to your Sporcle Settings to finish the process.

Report this User

Report this user for behavior that violates our Community Guidelines.

Details: